| 000 | 01599nam a2200301 a 4500 | ||
|---|---|---|---|
| 003 | DO-SdBNP | ||
| 005 | 20240319121127.0 | ||
| 007 | ta | ||
| 008 | 221117e2013 dr aoc|gr|||| 001 0 spa d | ||
| 020 | _a9788582567500 | ||
| 040 |
_aDO-SdBNP _bspa _cBNPHU |
||
| 082 | 4 |
_222 _bC758u |
|
| 245 | 1 | 3 |
_aLa construcción de una mirada = A contrucâo de um olhar _bfotografía brasileña en el acervo de la Pinacoteca de Estado de Sâo Paulo = fotografía brasileira no acervo da Pinacoteca do Estado Sâo Paulo _cPresentación, Rafael E. Yunén, Ivo Mesquita; Editor, Julia Souza Ayerbe; Traducción, Cristiane Grando; Fotografías, Isabella Matheus |
| 260 |
_aSantiago de los Caballeros, República Dominicana, _bCentro León, _c2013 |
||
| 300 |
_a148 p. : _bil., fotgr., retr. ; _c28 cm. |
||
| 520 | _aPesentación. Apresentaçâo. / Centro León / Pinacoteca do Estado de Sâo Paulo.-- Estridente naturaleza humanizada. Berrante natureza humanizada. / Diógenes Moura.-- Biografía de los fotógrafos. Biografías dos fotógrafos-- Relación de obras. relaçâo de obras. Créditos. | ||
| 590 | _aInventariado 2022 / MF | ||
| 650 | 4 |
_952295 _aFotografía Artística _vexposición _zBrasil |
|
| 650 | 4 |
_977492 _aFotografías _zBrasil |
|
| 700 | 1 | 2 |
_aYunén, Rafael Emilio _d1952- _epresent. _92304 |
| 700 | 2 |
_a Mesquita, Ivo _epresent _982848 |
|
| 700 | 2 |
_aSouza Ayerbe, Julia _eed. _982849 |
|
| 700 | 1 |
_aGrando, Cristiane, _d1974- _etrad. _924064 |
|
| 700 | 1 |
_aMatheus, Isabella _etrad. _982850 |
|
| 710 | 2 |
_aPinacoteca do Estado de Sâo Pablo (Brasil). _982851 |
|
| 910 | _aMFeliz | ||
| 942 |
_2ddc _cLBS1 |
||
| 999 |
_c52970 _d52970 |
||